000 05605nam a22004817a 4500
005 20100517124913.0
010 _aHIN-89396
020 _a9789380044293
_c200.00
035 _aHIN-61742
035 _aB-411765-783
037 _bDBAD/PUB
082 _a
100 _aनौटियाल, विद्यासागर
_923177
245 _aस्वर्ग दद्दा पाणि, पाणि /
_cविद्यासागर नौटियाल
246 _aSwarga Daddaa Paani/
_bby Vidya Sagar Nautiyal
260 _aगाजियाबाद
_bअंतिका प्रकाशन
_c2010
270 _aसी-56/यूजीएफ- IV,शालीमार गार्डन, एक्सटेंशन-11
_bगाजियाबाद
_e201005 (उ.प्र.)
300 _a136पृ.
_c22सेमी (सजिल्द)
650 _aहिन्दी कथा साहित्य
_9657
650 _aHindi Fiction
_923178
942 _2ddc
_cHN
_mनौटिया
_h
999 _c36226
_d36226